000 00305nam a2200133Ia 4500
005 20251222142028.0
008 251222s9999||||xx |||||||||||||| ||spa||
082 _a591.5/D77
100 _aDimítriev, Yuri
245 0 _aEl Hombre y los Animales
250 _a1ra.ed.
264 _bRáduga
942 _cLIB
999 _c10888
_d10888